000 00334nam a22001337a 4500
008 220209b ||||| |||| 00| 0 eng d
020 _a9788173620751
050 _a248.892
_b1
100 _aDuewel l.Wesley
_97543
245 _aAblaze For God
260 _aAndhra Pradesh
_bAuthentic Books
_c1996
300 _a328.P
942 _2ddc
_cBK
999 _c11980
_d11980